| 000 | 00621nam a2200193 4500 | ||
|---|---|---|---|
| 999 |
_c170490 _d170490 |
||
| 005 | 20191216171038.0 | ||
| 010 | _aENG-127159 | ||
| 020 |
_a9788178245478 _c595.00 |
||
| 035 | _aEN-110691 | ||
| 037 | _bDBAD/PUB | ||
| 082 | _a954.007 | ||
| 100 | _aChattopadhyaya, B.D | ||
| 245 |
_aThe concept of Bharatavarsha : _cby B.D.Chattopadhyaya _band other essays / |
||
| 260 |
_aRanikhet _bPermanent Black _c2017 |
||
| 270 |
_aHimalayana, Mall Road, Ranikhet Cantt _bRanikhet _e263645 _mperblack@gmail.com |
||
| 300 |
_aix;238p . _c21cm(pbk) |
||
| 500 | _aIncludes index | ||
| 942 |
_2ddc _cEN _h954.007 _mCHA |
||